000
00336nam a2200145Ia 4500
005
20251222152044.0
008
251222s9999||||xx |||||||||||||| ||spa||
020
_a
9788415497714
082
_a
853/S68
100
_a
Sorrentino, Fabio
245
0
_a
Sangre Imperial
250
_a
1ra. ed.
264
_b
Ediciones Bóveda
942
_c
LIB
999
_c
26175
_d
26175